000 01466ctm a22002771a 4500
003 SA-RiAUC
005 20251212130458.0
007 co ug ---uuauu         
008 251210s1999 su fsbm 00000 ara c
040 _aSA-JeALM
_bara
_cSA-RiAUC
_erda
043 _aa-su---
082 0 _a915.31204
_qSA-RiAUC
090 _aر 915.31204
_bن و ا
100 1 _aنواب، عواطف محمد يوسف،
_d1378 هـ
245 1 0 _aكتب الرحلات في المغرب الأقصى
_bمصدر من مصادر تاريخ الحجاز في القرنين الحادي عشر والثاني عشر الهجريين : دراسة تحليلية نقدية مقارنة /
_cعواطف محمد يوسف نواب ؛ إشراف يوسف بن علي بن رابع الثقفي.
_h[ملف كمبيوتر] :
260 _c1999
300 _a2 مجلد .
_c30 سم .
502 _aأطروحة (دكتوراه)-جامعة أم القرى، كلية الشريعة، قسم الدراسات العليا، 1999.
504 _aيشتمل على إرجاعات ببليوجرافية.
530 _aمتاحة نسخة على شكل مطبوع.
651 7 _aالحجاز (السعودية)
_xوصف ورحلات
_2aucsh
651 7 _aالحجاز (السعودية)
_xتاريخ
_yقرون 11-12 هجري
_2aucsh
700 _aالثقفي، يوسف بن علي بن رابع
_eمشرف .
942 _2ddc
_cTHESES
_n0
949 _aSA-JeALM
_d251210
_uosman123
_n1
999 _c13484
_d13484